OBJECTIVE ANESTHESIA REVIEW (Record no. 10686)

MARC details
000 -LEADER
fixed length control field 00290nam a22001337a 4500
003 - CONTROL NUMBER IDENTIFIER
control field SGT
082 ## - DEWEY DECIMAL CLASSIFICATION NUMBER
Classification number 617.96
Item number O13K
100 ## - MAIN ENTRY--PERSONAL NAME
Personal name KULKARNI, ATUL P.
245 ## - TITLE STATEMENT
Title OBJECTIVE ANESTHESIA REVIEW
260 ## - PUBLICATION, DISTRIBUTION, ETC. (IMPRINT)
Place of publication, distribution, etc INDIA
Name of publisher, distributor, etc JAYPEE
Year of Publication 2013
300 ## - PAGE DESCRIPTION
No. of Pages 526
490 ## - SERIES STATEMENT
Series statement ANESTHESIA
942 ## - ADDED ENTRY ELEMENTS (KOHA)
Source of classification or shelving scheme Dewey Decimal Classification
Koha item type Books
Holdings
Withdrawn status Lost status Source of classification or shelving scheme Damaged status Not for loan Collection code Home library Current library Shelving location Date acquired SGTU Total Checkouts Full call number Accession No. (Barcode) Date last seen Bill Date Koha item type
    Dewey Decimal Classification     MEDICAL SGT Medical Library SGT Medical Library Text Book 30/01/2017 SGTU   617.96 O13K FM8031 30/01/2017 30/01/2017 Books
    Dewey Decimal Classification     MEDICAL SGT Medical Library SGT Medical Library Text Book 30/01/2017 SGTU   617.96 O13K FM8032 20/04/2019 30/01/2017 Books